Statistiken für Landkreise in Bayerisch-Schwaben

Klicken Sie hier um das Quiz zu spielen!

Allgemein

  • Dieses Quiz wurde 51 mal gespielt
  • Das Durchschnittsergebnis liegt bei 7 aus 10

Antwortstatistiken

Landkreise% Korrekt
Augsburg
95%
Neu-Ulm
80%
Günzburg
76%
Ostallgäu
63%
Aichach-Friedberg
61%
Dillingen an der Donau
61%
Oberallgäu
59%
Unterallgäu
59%
Donau-Ries
54%
Lindau (Bodensee)
54%

Verteilung der Resultate

Perzentil nach korrekt beantworteten Fragen

Anzahl Personen mit jedem Resultat

Ihre Resultats-Entwicklung

Sie haben dieses Quiz noch nicht gespielt